000 00647 a2200205 4500
005 20250428114043.0
008 250402b |||||||| |||| 00| 0 eng d
020 _a9781839167874
_c£ 45.00
040 _aMAIN
082 _a615.19
_bH114B
100 _aHabtemariam, Solomon
245 _aBasic chemistry for life science students and professionals: Introduction to organic compounds and drug molecules
260 _bRoyal Society of Chemistry
_c2023
_aBurlington House, London
300 _axix, 512
650 _aPharmacy
650 _aPharmaceutical Science
650 _xDrug Molecules
650 _xOrganic Compounds
942 _cBK
999 _c360815
_d360815